| 000 | 00719cab a2200241 4500 | ||
|---|---|---|---|
| 001 | ABS44683 | ||
| 008 | 090401t1991 xxu||||| |||| 00| 0 eng d | ||
| 035 | _a(Sirsi) u48472 | ||
| 041 | _aeng | ||
| 100 | _aTwinch, R. | ||
| 245 | 4 | _aThe Green program | |
| 260 | _c1991 | ||
| 350 | _a0 | ||
| 490 |
_aBuilding Design _v(1039) 14 June 1991, 40-41(2) |
||
| 520 | _aDiscusses the role of CAD systems in the increasing demand for environmental assessment . | ||
| 650 | _aDOE CIRCULAR 15/1985 | ||
| 650 | _aEC DIRECTIVE 85 337 EEC | ||
| 650 | _aENVIRONMENTAL IMPACT ASSESSMENTS | ||
| 650 | _aSI 1988 1199 | ||
| 690 | _aMANAGEMENT-BUSINESS MANAGEMENT-INFORMATION MANAGEMENT | ||
| 942 | _n0 | ||
| 948 | _c04/03/1997 | ||
| 999 |
_c30449 _d30449 |
||